Các thuộc tính tâm lí điển hình của nhân cách : Dùng cho sinh viên các trường sư phạm

Sách cung cấp các kiến thức cơ bản về tâm lí học cá nhân: tình cảm và ý chí, xu hướng và nhân cách, khí chất, tính chất, năng lực

Đã lưu trong:
Bibliografiske detaljer
Hovedforfatter: Lê, Thị Bừng
Format: Bog
Sprog:Undetermined
Udgivet: [Hà Nội] Đại học Sư phạm 2008
Fag:
Tags: Tilføj Tag
Ingen Tags, Vær først til at tagge denne postø!
Thư viện lưu trữ: Trung tâm Học liệu Trường Đại học Cần Thơ
LEADER 01043nam a2200241Ia 4500
001 CTU_140239
008 210402s9999 xx 000 0 und d
020 |c 31000 
082 |a 155.25 
082 |b B556 
100 |a Lê, Thị Bừng 
245 0 |a Các thuộc tính tâm lí điển hình của nhân cách : 
245 0 |b Dùng cho sinh viên các trường sư phạm 
245 0 |c Lê Thị Bừng, Nguyễn Thị Huệ, Nguyễn Đức Sơn 
260 |a [Hà Nội] 
260 |b Đại học Sư phạm 
260 |c 2008 
520 |a Sách cung cấp các kiến thức cơ bản về tâm lí học cá nhân: tình cảm và ý chí, xu hướng và nhân cách, khí chất, tính chất, năng lực 
526 |a Tâm lý học đại cương 
526 |b SP009 
650 |a Personality,Psychology, applied,Nhân cách,Tâm lý học ứng dụng 
904 |i Huỳnh Mai 
980 |a Trung tâm Học liệu Trường Đại học Cần Thơ